Harry Potter: le Lac de Poudlard - Statistiques

Statistiques générales
  • Ce quiz a été pris 68 fois
  • Le résultat moyen est 4 sur 5
Statistiques - réponses
Information Réponses % Correct
Résidents Etres de l'eau
91%
Première apparition Harry Potter à l'école des sorciers
91%
Dernière apparition Harry Potter et les Reliques de la Mort
91%
Résident Calamar géant
60%
Résidents Strangulots
53%
Aucun quiz correspondant
Distribution des résultats
% des personnes avec chaque résultat
Percentile par nombre de réponses
Votre historique - résultats
Vous n’avez pas pris ce quiz